| 000 | 00656nam a22001817a 4500 | ||
|---|---|---|---|
| 005 | 20241009140244.0 | ||
| 008 | 241009b ||||| |||| 00| 0 eng d | ||
| 040 | _cSSBUL | ||
| 041 | _aMyanmar | ||
| 082 |
_223 _a၂၉၄.၃၃၆၈ သု _b၁၃၁၂၉ S-SAT |
||
| 100 | 0 | _aသုခ | |
| 245 | 1 |
_aဓမ္မကထာ စာပဒေသာ / _bသုခ။ |
|
| 260 |
_aရန်ကုန် ၊ _bသုခစာပေ၊ _c၁၉၈၉။ |
||
| 300 |
_a၃၉၄ စာမျက်နှာ ၊ _c၂၄ စင်တီ။ |
||
| 500 | _aS-SAT: Dr. Sai Aung Tun | ||
| 650 |
_aဗုဒ္ဓဘာသာစာပေ _927019 |
||
| 942 |
_2ddc _cBK1 |
||
| 999 |
_c40955 _d40955 |
||